[Event "Sparkassen-Open A"]
[Site "Heusenstamm, Martinsee"]
[Date "2021.11.20"]
[Round "5.3"]
[White "Krastev, Alexander"]
[Black "Lesny, Florian"]
[Result "1/2-1/2"]
[WhiteElo "2418"]
[BlackElo "2143"]
[PlyCount "101"]
[EventDate "2021.??.??"]
[WhiteTeam "SG Solingen"]
[BlackTeam "SK Niederbrechen"]

{[%evp 0,26,28,24,46,51,79,65,45,53,61,14,20,-21,-28,-20,16,17,10,-16,7,2,2,-8,
52,89,103,86,102]} 1. e4 c5 2. Nc3 {[%emt 0:00:45]} d6 3. f4 g6 4. Nf3 Bg7 5.
Bb5+ Nc6 6. Bxc6+ bxc6 7. d3 Bg4 8. O-O Nf6 9. Qe1 Qd7 10. e5 Nd5 {[%emt 0:01:
45]} 11. exd6 {[%emt 0:00:41]} Nxc3 {[%emt 0:03:57]} 12. bxc3 {[%emt 0:00:09]}
Qxd6 {[%emt 0:00:42]} 13. Ba3 {[%emt 0:09:31]} O-O {[%emt 0:11:08]} 14. Ne5 {
[%emt 0:04:14]} Bf5 {[%emt 0:01:48]} 15. Qe3 {[%emt 0:00:46]} Rfb8 {[%emt 0:04:
01]} 16. Bxc5 {[%emt 0:01:16]} Qc7 {[%emt 0:00:39]} 17. Rab1 {[%emt 0:02:33]}
Rxb1 {[%emt 0:05:23]} 18. Rxb1 {[%emt 0:01:34]} Be6 {[%emt 0:02:21]} 19. c4 {
[%emt 0:02:31]} Rb8 {[%emt 0:04:58]} 20. Rb3 {[%emt 0:02:34]} Rxb3 {[%emt 0:02:
16]} 21. axb3 {[%emt 0:00:17]} Bxe5 {[%emt 0:01:42]} 22. Qxe5 {[%emt 0:00:05]}
Qxe5 {[%emt 0:00:53]} 23. fxe5 {[%emt 0:00:39]} Bg4 {[%emt 0:01:37]} 24. Bxe7 {
[%emt 0:08:51]} Bd1 {[%emt 0:00:06]} 25. c3 {[%emt 0:00:45]} Bxb3 {[%emt 0:03:
19]} 26. Kf2 {[%emt 0:00:40]} a5 {[%emt 0:03:38]} 27. g4 {[%emt 0:14:26]} h6 {
[%emt 0:01:04]} 28. h4 {[%emt 0:00:10]} g5 {[%emt 0:01:31]} 29. hxg5 {[%emt 0:
00:25]} hxg5 {[%emt 0:00:12]} 30. Bxg5 {[%emt 0:00:43]} Bd1 31. d4 {[%emt 0:05:
32]} Bb3 {[%emt 0:04:21]} 32. d5 {[%emt 0:16:35]} cxd5 {[%emt 0:01:56]} 33. c5
{[%emt 0:00:23]} Kf8 {[%emt 0:06:39]} 34. Bc1 {[%emt 0:06:51]} Ba4 {[%emt 0:02:
58]} 35. Ke3 {[%emt 0:00:52]} Ke7 {[%emt 0:00:43]} 36. Kd4 {[%emt 0:02:02]} Ke6
{[%emt 0:01:40]} 37. Bd2 {[%emt 0:00:57]} Bc6 {[%emt 0:04:54]} 38. c4 {[%emt 0:
02:43]} a4 {[%emt 0:01:07]} 39. Bc3 {[%emt 0:00:37]} Bb7 {[%emt 0:02:20]} 40.
Bb2 {[%emt 0:00:44]} Ba8 {[%emt 0:02:41]} 41. cxd5+ {[%emt 0:03:09]} Bxd5 {
[%emt 0:01:57]} 42. Kd3 {[%emt 0:00:39]} Kd7 {[%emt 0:02:29]} 43. Kc3 {[%emt 0:
00:24]} Kc6 {[%emt 0:03:35]} 44. Kb4 Be6 {[%emt 0:02:36]} 45. g5 {[%emt 0:00:
13]} Bd7 {[%emt 0:01:51]} 46. Kc4 {[%emt 0:02:37]} Be6+ {[%emt 0:03:18]} 47.
Kd4 {[%emt 0:00:21]} Bg4 {[%emt 0:01:40]} 48. Bc1 {[%emt 0:02:03]} Bh3 {
[%emt 0:00:49]} 49. Ba3 {[%emt 0:00:15]} Bc8 {[%emt 0:01:01]} 50. Kc4 {[%emt 0:
00:58]} Bd7 {[%emt 0:00:43]} 51. Kd4 {[%emt 0:08:36]} 1/2-1/2

[Event "Sparkassen-Open A"]
[Site "Heusenstamm, Martinsee"]
[Date "2021.11.20"]
[Round "5.4"]
[White "Deuer, Marius"]
[Black "Bethke, Richard"]
[Result "1/2-1/2"]
[WhiteElo "2282"]
[BlackElo "2330"]
[PlyCount "40"]
[EventDate "2021.??.??"]
[WhiteTeam "TG Biberach"]
[BlackTeam "SF Neuberg"]

{[%evp 0,30,24,13,55,48,44,28,32,49,29,6,18,4,11,16,11,-30,-23,-70,6,0,34,38,
61,41,65,41,41,51,65,55,67]} 1. d4 f5 2. c4 {[%emt 0:00:25]} e6 3. g3 Nf6 4.
Bg2 d5 5. Nd2 Bd6 6. Nh3 O-O 7. O-O Nc6 8. Nf3 dxc4 9. Bf4 Bxf4 {[%emt 0:00:12]
} 10. Nxf4 Qd6 11. Rc1 {[%emt 0:01:21]} Nd5 {[%emt 0:11:19]} 12. e3 {[%emt 0:
01:20]} Nb6 {[%emt 0:00:15]} 13. b3 {[%emt 0:06:28]} cxb3 {[%emt 0:01:31]} 14.
Qxb3 {[%emt 0:00:07]} a5 {[%emt 0:02:24]} 15. Rc5 {[%emt 0:06:25]} a4 {[%emt 0:
01:39]} 16. Qc3 {[%emt 0:00:51]} Ne7 {[%emt 0:05:58]} 17. Ne5 {[%emt 0:08:28]}
Nbd5 {[%emt 0:05:05]} 18. Nxd5 {[%emt 0:10:55]} exd5 {[%emt 0:00:08]} 19. Rb1 {
[%emt 0:00:27]} c6 {[%emt 0:01:18]} 20. Rb6 {[%emt 0:04:42]} Qd8 {[%emt 0:04:
35]} 1/2-1/2

[Event "Sparkassen-Open A"]
[Site "Heusenstamm, Martinsee"]
[Date "2021.11.20"]
[Round "5.5"]
[White "Podat, Vladimir"]
[Black "Karsay, Pascal"]
[Result "0-1"]
[WhiteElo "2311"]
[BlackElo "2309"]
[PlyCount "46"]
[EventDate "2021.??.??"]
[WhiteTeam "SC Untergrombach"]
[BlackTeam "SV Worms 1878"]

{[%evp 0,27,24,13,13,-16,3,-14,18,-11,11,-19,-2,0,0,0,0,0,0,-72,-73,-73,-74,
-112,-72,-84,-84,-98,-94,-82]} 1. d4 Nf6 2. c4 {[%emt 0:02:03]} e6 3. Nc3 Bb4
4. Qc2 O-O 5. e4 d6 6. e5 dxe5 7. dxe5 Ng4 8. Nf3 Nc6 9. Qe4 f5 10. exf6 Nxf6
11. Qd3 Qe7 12. a3 Rd8 {[%emt 0:10:51]} 13. Qc2 {[%emt 0:01:07]} Bxc3+ {
[%emt 0:09:00]} 14. bxc3 {[%emt 0:00:59]} e5 {[%emt 0:02:10]} 15. Be2 {[%emt 0:
00:05]} Bg4 {[%emt 0:00:41]} 16. h3 {[%emt 0:02:09]} Bh5 {[%emt 0:01:07]} 17.
Nh4 {[%emt 0:01:29]} Bxe2 {[%emt 0:02:40]} 18. Qxe2 Qf7 {[%emt 0:02:30]} 19.
Bg5 {[%emt 0:05:03]} Na5 {[%emt 0:04:34]} 20. O-O {[%emt 0:00:22]} Re8 {
[%emt 0:03:26]} 21. Bxf6 {[%emt 0:02:09]} Qxf6 {[%emt 0:01:28]} 22. Qe4 {
[%emt 0:00:47]} Rad8 {[%emt 0:17:34]} 23. Nf5 Nb3 0-1

[Event "Sparkassen-Open A"]
[Site "Heusenstamm, Martinsee"]
[Date "2021.11.20"]
[Round "5.6"]
[White "Sieber, Fiona"]
[Black "Poetsch, Hagen"]
[Result "1/2-1/2"]
[WhiteElo "2207"]
[BlackElo "2513"]
[PlyCount "112"]
[EventDate "2021.??.??"]
[WhiteTeam "SG Aufbau Elbe Magdeburg"]
[BlackTeam "SC Heusenstamm"]

{[%evp 0,35,24,11,51,63,79,60,70,35,87,28,38,36,61,39,33,26,26,13,19,1,0,3,10,
-16,-8,0,19,23,3,5,2,0,18,13,38,13]} 1. e4 c5 2. Nf3 d6 3. d4 cxd4 4. Nxd4 e6
5. c4 Nf6 6. Nc3 b6 7. Bd3 Bb7 8. O-O Be7 9. f4 O-O 10. Qf3 Nc6 11. Nc2 Nd7 12.
Be3 Nc5 13. Rad1 Nxd3 14. Rxd3 Qc8 15. Bf2 Nb8 16. b3 Nd7 17. Qe2 a6 18. Rh3 b5
19. Bd4 e5 20. fxe5 dxe5 21. Qh5 h6 22. Bxe5 Qc5+ 23. Bd4 Qxh5 24. Rxh5 bxc4
25. bxc4 Rac8 26. Ne3 Rfe8 27. Nf5 Bf8 28. Rh3 f6 29. Rg3 Rxc4 30. Nxh6+ Kh7
31. Nf5 g6 32. Rf4 g5 33. Rfg4 Rxd4 34. Nxd4 Bc5 35. Nce2 Ne5 36. Rb3 Ba8 37.
Rgg3 Rd8 38. Rgc3 Bxd4+ 39. Nxd4 Rxd4 40. Rb6 Ng4 41. Kf1 Nxh2+ 42. Kf2 Kg6 43.
Kg3 Nf1+ 44. Kf2 Nh2 45. Kg3 Bxe4 46. Kxh2 Rd2 47. Rg3 Rxa2 48. Rbb3 Rd2 49.
Rb4 Kf5 {[%emt 0:01:12]} 50. Ra4 {[%emt 0:00:37]} Rd6 {[%emt 0:00:19]} 51. Rga3
{[%emt 0:00:39]} Bd3 {[%emt 0:00:49]} 52. g4+ {[%emt 0:00:49]} Ke5 {[%emt 0:01:
04]} 53. Kg3 {[%emt 0:00:56]} Bb5 {[%emt 0:00:38]} 54. Rb4 {[%emt 0:00:46]} Rd1
{[%emt 0:02:03]} 55. Re3+ {[%emt 0:01:02]} Kd5 {[%emt 0:00:08]} 56. Rf3 {
[%emt 0:00:39]} Ke6 {[%emt 0:01:22]} 1/2-1/2

[Event "Sparkassen-Open A"]
[Site "Heusenstamm, Martinsee"]
[Date "2021.11.20"]
[Round "5.7"]
[White "Krassowizkij, Jaroslaw"]
[Black "Heimrath, Reiner"]
[Result "1/2-1/2"]
[WhiteElo "2458"]
[BlackElo "2169"]
[PlyCount "81"]
[EventDate "2021.??.??"]
[WhiteTeam "TSV Schönaich"]
[BlackTeam "SC Noris-Tarrasch Nürnberg"]

{[%evp 0,39,13,13,13,5,33,13,19,19,19,4,8,8,15,12,46,50,61,21,57,21,57,65,73,
21,98,22,37,-17,27,17,64,40,50,38,53,57,139,70,158,158]} 1. d4 Nf6 2. c4 {
[%emt 0:00:03]} g6 3. f3 Bg7 4. e4 d6 5. Ne2 O-O 6. Be3 {[%emt 0:00:03]} e5 7.
Nbc3 Nc6 8. d5 Ne7 9. g4 a6 10. Ng3 c5 {[%emt 0:00:16]} 11. h4 Bd7 {[%emt 0:06:
15]} 12. a4 {[%emt 0:00:44]} Qa5 {[%emt 0:01:15]} 13. Ra3 {[%emt 0:02:17]} Ne8
{[%emt 0:09:59]} 14. g5 {[%emt 0:24:02]} Rb8 {[%emt 0:11:11]} 15. Bd2 {[%emt 0:
02:11]} Qd8 {[%emt 0:00:57]} 16. h5 {[%emt 0:05:41]} Nc7 {[%emt 0:07:05]} 17.
Rb3 {[%emt 0:02:46]} b6 {[%emt 0:03:13]} 18. Qe2 {[%emt 0:02:56]} Qe8 {[%emt 0:
03:32]} 19. Qh2 {[%emt 0:12:59]} f5 {[%emt 0:01:51]} 20. gxf6 {[%emt 0:03:22]}
Rxf6 {[%emt 0:00:41]} 21. hxg6 {[%emt 0:00:20]} Qxg6 {[%emt 0:01:57]} 22. Nh5 {
[%emt 0:04:48]} Rxf3 {[%emt 0:10:34]} 23. Rg1 {[%emt 0:01:43]} Bg4 {[%emt 0:01:
59]} 24. Nxg7 {[%emt 0:00:31]} Kxg7 {[%emt 0:00:40]} 25. Qh4 {[%emt 0:01:54]}
Rxf1+ {[%emt 0:05:16]} 26. Rxf1 {[%emt 0:00:35]} Ng8 {[%emt 0:00:11]} 27. Bg5 {
[%emt 0:05:29]} h5 {[%emt 0:00:37]} 28. Bd8 {[%emt 0:00:48]} Ne8 {[%emt 0:01:
55]} 29. Kd2 {[%emt 0:07:30]} Nef6 {[%emt 0:03:49]} 30. Bxf6+ {[%emt 0:01:38]}
Nxf6 {[%emt 0:00:04]} 31. Kc1 {[%emt 0:02:28]} Rb7 {[%emt 0:02:15]} 32. a5 {
[%emt 0:02:19]} b5 {[%emt 0:01:29]} 33. cxb5 {[%emt 0:00:45]} axb5 {[%emt 0:01:
27]} 34. a6 {[%emt 0:02:10]} Rd7 {[%emt 0:01:08]} 35. Rxf6 {[%emt 0:01:36]}
Qxf6 {[%emt 0:00:22]} 36. Qxf6+ {[%emt 0:00:05]} Kxf6 37. Nxb5 h4 {[%emt 0:02:
40]} 38. a7 {[%emt 0:01:24]} Rd8 {[%emt 0:03:00]} 39. Nc7 {[%emt 0:00:41]} h3 {
[%emt 0:00:10]} 40. Rxh3 {[%emt 0:00:52]} Bxh3 {[%emt 0:00:08]} 41. Kd2 1/2-1/2

[Event "Sparkassen-Open A"]
[Site "Heusenstamm, Martinsee"]
[Date "2021.11.20"]
[Round "5.8"]
[White "Laux, Dominik"]
[Black "Milov, Leonid"]
[Result "1/2-1/2"]
[WhiteElo "2205"]
[BlackElo "2450"]
[PlyCount "76"]
[EventDate "2021.??.??"]
[WhiteTeam "SV Hofheim"]
[BlackTeam "SC Noris-Tarrasch Nürnberg"]

{[%evp 0,47,13,19,63,37,47,43,43,40,46,34,79,67,77,72,69,76,74,54,64,30,62,29,
76,53,57,42,62,60,64,50,55,52,51,48,36,31,16,18,18,-5,18,27,39,39,31,38,69,43]
} 1. e4 c5 2. Nf3 {[%emt 0:00:04]} e6 3. d4 cxd4 4. Nxd4 Nc6 5. Nc3 Qc7 6. Be2
{[%emt 0:00:04]} Nf6 7. O-O Be7 8. Be3 O-O 9. f4 d6 {[%emt 0:00:39]} 10. Qe1 a6
11. Qg3 Kh8 12. Rae1 Bd7 13. a3 {[%emt 0:01:33]} Rae8 {[%emt 0:21:23]} 14. Bf3
{[%emt 0:08:35]} Nxd4 {[%emt 0:02:17]} 15. Bxd4 e5 16. Be3 {[%emt 0:03:01]} Be6
{[%emt 0:11:12]} 17. Rd1 {[%emt 0:10:17]} exf4 {[%emt 0:03:27]} 18. Qxf4 {
[%emt 0:00:27]} Nd7 {[%emt 0:01:18]} 19. Rf2 {[%emt 0:06:14]} Ne5 {[%emt 0:00:
31]} 20. Nd5 {[%emt 0:03:03]} Bxd5 21. Rxd5 {[%emt 0:01:36]} Ng6 {[%emt 0:07:
27]} 22. Qg4 {[%emt 0:02:10]} Bf6 {[%emt 0:03:14]} 23. c3 {[%emt 0:03:42]} Be5
{[%emt 0:01:15]} 24. Rdd2 {[%emt 0:14:10]} Ne7 {[%emt 0:01:58]} 25. Bd1 {
[%emt 0:01:00]} Ng8 {[%emt 0:01:58]} 26. Bc2 {[%emt 0:02:54]} g6 {[%emt 0:04:
13]} 27. Bd4 {[%emt 0:03:13]} Kg7 {[%emt 0:00:49]} 28. Qd1 {[%emt 0:02:18]} Nf6
{[%emt 0:02:35]} 29. h3 {[%emt 0:03:43]} Re6 {[%emt 0:09:20]} 30. Qf3 {[%emt 0:
01:24]} Qc4 {[%emt 0:05:48]} 31. g4 {[%emt 0:02:16]} h6 32. Kg2 Nd7 {[%emt 0:
06:03]} 33. Qd3 {[%emt 0:02:01]} Qxd3 {[%emt 0:06:24]} 34. Rxd3 Nf6 {[%emt 0:
01:33]} 35. Kf3 {[%emt 0:03:07]} Rfe8 36. Bxe5 {[%emt 0:01:11]} dxe5 {[%emt 0:
01:27]} 37. Bb3 {[%emt 0:00:44]} Rb6 {[%emt 0:00:36]} 38. Bd5 Rd6 {[%emt 0:04:
57]} 1/2-1/2

[Event "Sparkassen-Open A"]
[Site "Heusenstamm, Martinsee"]
[Date "2021.11.20"]
[Round "5.9"]
[White "Abel, Thomas"]
[Black "Kleibel, Uwe"]
[Result "1/2-1/2"]
[WhiteElo "2334"]
[BlackElo "2149"]
[PlyCount "75"]
[EventDate "2021.??.??"]
[WhiteTeam "VL Bad Vilbel"]
[BlackTeam "SC Bavaria Regensburg von 1881"]

{[%evp 0,75,19,14,18,5,29,32,44,-3,-18,-15,-32,-35,-35,-35,-13,-19,-20,-20,-20,
-23,-10,-13,-8,-58,11,12,36,-24,42,36,45,34,49,31,31,17,29,30,4,6,-9,12,10,0,0,
-14,17,-4,-27,-23,-49,-10,-17,-17,11,9,17,0,12,0,-12,-20,35,2,13,15,14,36,31,
25,28,28,25,32,37,36]} 1. d4 d5 2. c4 {[%emt 0:00:04]} c6 3. Nf3 Nf6 4. Qc2
dxc4 5. Qxc4 Bf5 6. g3 e6 7. Bg2 Be7 8. O-O O-O 9. Nc3 Nbd7 10. e3 Bg6 11. Qe2
b5 12. Rd1 Rc8 13. a3 a5 14. h3 Qb6 15. Nh4 b4 16. axb4 {[%emt 0:00:09]} axb4 {
[%emt 0:00:04]} 17. Nxg6 {[%emt 0:03:23]} hxg6 {[%emt 0:00:17]} 18. Na4 {
[%emt 0:00:07]} Qb5 {[%emt 0:01:15]} 19. Bf1 {[%emt 0:09:59]} Qxe2 {[%emt 0:02:
13]} 20. Bxe2 {[%emt 0:00:09]} c5 {[%emt 0:00:09]} 21. dxc5 {[%emt 0:05:51]}
Nxc5 {[%emt 0:00:37]} 22. Nxc5 {[%emt 0:00:12]} Rxc5 {[%emt 0:05:08]} 23. Bf3 {
[%emt 0:08:34]} Rfc8 {[%emt 0:09:02]} 24. b3 {[%emt 0:05:21]} Rc2 {[%emt 0:13:
24]} 25. Rb1 {[%emt 0:06:31]} Ra2 {[%emt 0:02:14]} 26. Bd2 Rcc2 {[%emt 0:03:32]
} 27. Be1 {[%emt 0:00:04]} Nd5 {[%emt 0:19:46]} 28. Bxd5 {[%emt 0:07:01]} exd5
{[%emt 0:00:55]} 29. Rxd5 {[%emt 0:00:24]} Bf6 {[%emt 0:00:24]} 30. Rdd1 {
[%emt 0:27:28]} Bc3 {[%emt 0:07:49]} 31. Rbc1 {[%emt 0:00:08]} Rxc1 {[%emt 0:
14:10]} 32. Rxc1 {[%emt 0:00:17]} Bxe1 {[%emt 0:00:15]} 33. Rxe1 Rb2 34. Rd1 {
[%emt 0:00:26]} Rxb3 {[%emt 0:00:13]} 35. Rd8+ {[%emt 0:00:56]} Kh7 {[%emt 0:
00:09]} 36. Rd7 {[%emt 0:00:43]} Kg8 {[%emt 0:03:12]} 37. Rd8+ {[%emt 0:00:03]}
Kh7 {[%emt 0:00:07]} 38. Rd7 {[%emt 0:00:08]} 1/2-1/2

[Event "Sparkassen-Open A"]
[Site "Heusenstamm, Martinsee"]
[Date "2021.11.20"]
[Round "5.10"]
[White "Eilenberg, Jonas"]
[Black "Baltic, Fatih"]
[Result "1/2-1/2"]
[WhiteElo "2124"]
[BlackElo "2303"]
[PlyCount "62"]
[EventDate "2021.??.??"]
[WhiteTeam "Königsjäger Süd-West"]
[BlackTeam "SV Mülheim-Nord"]

{[%evp 0,39,19,18,13,27,31,5,20,-19,-26,-5,6,11,23,-1,45,46,78,42,50,50,60,48,
54,54,47,49,68,69,50,33,38,34,63,38,44,43,57,-3,56,62]} 1. d4 {[%emt 0:00:03]}
Nf6 2. Nf3 d5 3. e3 g6 4. b4 a5 5. b5 Bg7 {[%emt 0:00:04]} 6. Nbd2 c5 7. bxc6
bxc6 8. Ba3 Ba6 {[%emt 0:04:14]} 9. Be2 {[%emt 0:05:46]} Bxe2 {[%emt 0:03:58]}
10. Qxe2 {[%emt 0:00:24]} Nbd7 {[%emt 0:04:36]} 11. Rb1 {[%emt 0:07:40]} O-O {
[%emt 0:02:16]} 12. O-O {[%emt 0:03:28]} Re8 {[%emt 0:01:15]} 13. Rb7 {[%emt 0:
10:44]} e5 {[%emt 0:09:13]} 14. Nxe5 {[%emt 0:03:51]} Nxe5 {[%emt 0:01:40]} 15.
dxe5 {[%emt 0:00:19]} Rxe5 {[%emt 0:01:19]} 16. Rfb1 {[%emt 0:07:06]} Bf8 {
[%emt 0:08:53]} 17. Nf3 {[%emt 0:08:57]} Re4 {[%emt 0:08:51]} 18. Bxf8 {
[%emt 0:01:49]} Qxf8 {[%emt 0:00:05]} 19. Nd4 {[%emt 0:07:06]} Qe8 {[%emt 0:07:
44]} 20. Qf3 {[%emt 0:02:31]} Kg7 {[%emt 0:02:27]} 21. h3 {[%emt 0:06:47]} Re7
{[%emt 0:05:09]} 22. Qf4 {[%emt 0:08:17]} Rc8 {[%emt 0:03:15]} 23. Nf5+ {
[%emt 0:02:28]} gxf5 {[%emt 0:00:06]} 24. Qg5+ {[%emt 0:00:03]} Kf8 {[%emt 0:
00:07]} 25. Qxf6 {[%emt 0:00:14]} Rxb7 {[%emt 0:00:03]} 26. Rxb7 {[%emt 0:01:
07]} Kg8 {[%emt 0:00:31]} 27. Qg5+ {[%emt 0:02:39]} Kf8 {[%emt 0:02:41]} 28.
Qf6 {[%emt 0:01:45]} Kg8 {[%emt 0:00:21]} 29. e4 {[%emt 0:02:28]} fxe4 {
[%emt 0:04:25]} 30. Qg5+ {[%emt 0:02:30]} Kh8 {[%emt 0:02:12]} 31. Qf6+ {
[%emt 0:01:24]} Kg8 {[%emt 0:00:35]} 1/2-1/2

[Event "Sparkassen-Open A"]
[Site "Heusenstamm, Martinsee"]
[Date "2021.11.20"]
[Round "5.11"]
[White "Schupp, Tobias"]
[Black "Schulze, Lara"]
[Result "0-1"]
[WhiteElo "2121"]
[BlackElo "2294"]
[PlyCount "120"]
[EventDate "2021.??.??"]
[WhiteTeam "SK Niederbrechen"]
[BlackTeam "SV Werder Bremen"]

{[%evp 0,38,18,18,13,13,28,15,17,29,23,29,28,40,37,45,45,26,29,30,30,30,53,41,
46,56,45,31,33,8,16,22,8,-15,-3,-14,22,0,-3,-43,-39]} 1. e4 e5 2. Nf3 {[%emt 0:
00:03]} Nc6 3. Bb5 a6 4. Bxc6 dxc6 5. O-O Qf6 6. d4 exd4 7. Bg5 Qd6 8. Nxd4 {
[%emt 0:00:03]} Be7 9. Bxe7 Nxe7 10. Nc3 Bd7 11. Nb3 O-O-O 12. Qe2 Ng6 13. Rfd1
Qe7 {[%emt 0:00:04]} 14. Na4 Kb8 15. Nac5 Bc8 16. Qe3 b6 17. Nd3 Rde8 18. Re1
c5 19. c4 Bb7 {[%emt 0:00:04]} 20. f3 f5 21. Nd2 Rhf8 22. Nf2 f4 23. Qc3 Ne5
24. Nd3 {[%emt 0:00:03]} Nxd3 25. Qxd3 Qe5 26. Qc2 Rf6 27. Nb3 Rh6 28. Rad1 {
[%emt 0:00:04]} Qh5 29. h3 Bc8 30. Rd5 Qg6 31. Kf1 Be6 32. Rd2 {[%emt 0:00:35]}
Qg3 33. Rf2 Rd8 34. Nd2 Qg5 35. b3 Qe5 36. Nb1 Bf7 {[%emt 0:00:03]} 37. Rd1 Rd4
38. Rfd2 b5 39. cxb5 axb5 40. Nc3 Be8 41. Ne2 Rxd2 42. Rxd2 Rd6 43. Ke1 Kb7 44.
Nc1 Rxd2 45. Qxd2 g5 46. Ne2 b4 47. h4 h6 48. hxg5 hxg5 49. Kf2 Bb5 50. Ng1 c4
51. Qd5+ Qxd5 52. exd5 c3 53. Ke1 Bd7 54. Ne2 Kb6 55. g3 {[%emt 0:00:13]} g4 {
[%emt 0:00:39]} 56. Nxf4 {[%emt 0:01:13]} gxf3 {[%emt 0:00:07]} 57. Nd3 {
[%emt 0:05:36]} Bf5 {[%emt 0:01:13]} 58. Nc1 {[%emt 0:05:51]} Kc5 {[%emt 0:01:
05]} 59. Kf2 {[%emt 0:00:21]} Be4 {[%emt 0:01:14]} 60. Ke3 {[%emt 0:01:08]}
Kxd5 {[%emt 0:00:13]} 0-1

[Event "Sparkassen-Open A"]
[Site "Heusenstamm, Martinsee"]
[Date "2021.11.20"]
[Round "5.12"]
[White "Cofmann, Veaceslav"]
[Black "Pauls, Wilhelm"]
[Result "1-0"]
[WhiteElo "2288"]
[BlackElo "1993"]
[PlyCount "65"]
[EventDate "2021.??.??"]
[WhiteTeam "SC Eppingen"]
[BlackTeam "SG Kaarst"]

{[%evp 0,37,18,13,31,5,33,19,19,19,0,20,10,1,5,33,45,6,-4,1,6,-8,7,18,35,16,38,
46,56,33,79,76,112,74,163,147,188,108,95,104]} 1. d4 Nf6 2. c4 g6 3. f3 Bg7 4.
e4 d6 5. Nc3 O-O 6. Be3 Nc6 7. Nge2 a6 8. d5 Ne5 9. Nc1 e6 10. Nb3 c6 11. dxc6
bxc6 12. Be2 h5 13. h3 {[%emt 0:02:57]} Ne8 {[%emt 0:18:10]} 14. Qd2 {[%emt 0:
02:29]} Qh4+ {[%emt 0:05:07]} 15. Bf2 {[%emt 0:00:17]} Qe7 {[%emt 0:00:08]} 16.
f4 {[%emt 0:05:33]} Bh6 {[%emt 0:00:39]} 17. g4 {[%emt 0:00:15]} Nd7 {[%emt 0:
04:43]} 18. O-O-O {[%emt 0:04:11]} a5 {[%emt 0:07:52]} 19. Kb1 {[%emt 0:04:00]}
a4 {[%emt 0:02:29]} 20. Nd4 {[%emt 0:00:05]} Bb7 {[%emt 0:00:07]} 21. g5 Bg7 {
[%emt 0:01:45]} 22. f5 Bxd4 {[%emt 0:02:19]} 23. Bxd4 {[%emt 0:01:37]} e5 {
[%emt 0:01:09]} 24. Be3 {[%emt 0:01:02]} a3 25. b3 {[%emt 0:00:14]} Qd8 {
[%emt 0:00:44]} 26. fxg6 {[%emt 0:00:58]} fxg6 {[%emt 0:00:39]} 27. c5 {
[%emt 0:00:03]} Qa5 28. cxd6 {[%emt 0:00:22]} Nxd6 {[%emt 0:00:33]} 29. Rc1 {
[%emt 0:00:26]} Nb5 {[%emt 0:01:55]} 30. Bxb5 {[%emt 0:00:27]} cxb5 {[%emt 0:
01:45]} 31. Qxd7 {[%emt 0:00:04]} Rf7 {[%emt 0:00:05]} 32. Qe6 {[%emt 0:00:44]}
Ra6 {[%emt 0:00:42]} 33. Qxe5 {[%emt 0:00:22]} 1-0

[Event "Sparkassen-Open A"]
[Site "Heusenstamm, Martinsee"]
[Date "2021.11.20"]
[Round "5.13"]
[White "Bakiev, Diyor"]
[Black "Suvorov, Luca"]
[Result "0-1"]
[WhiteElo "2107"]
[BlackElo "2280"]
[PlyCount "106"]
[EventDate "2021.??.??"]
[WhiteTeam "Wiesbadener SV"]
[BlackTeam "SG Porz"]

{[%evp 0,35,13,13,28,27,18,17,30,-4,1,0,20,6,2,3,21,-27,-28,-14,-7,-16,3,-6,33,
24,44,43,46,52,74,69,97,44,33,-2,56,50]} 1. e4 e5 2. Nf3 Nc6 3. Bb5 a6 4. Ba4
Nf6 5. O-O Be7 6. Re1 b5 7. Bb3 d6 8. c3 O-O 9. h3 Na5 10. Bc2 c5 11. d4 Qc7
12. d5 Bd7 13. b3 Ne8 14. Nbd2 g6 15. Nf1 {[%emt 0:06:33]} Ng7 {[%emt 0:03:55]}
16. N3h2 {[%emt 0:09:37]} Nb7 {[%emt 0:32:40]} 17. Rb1 {[%emt 0:27:04]} Rae8 {
[%emt 0:12:42]} 18. c4 {[%emt 0:04:38]} Qd8 {[%emt 0:01:46]} 19. Ng3 {[%emt 0:
05:01]} Bg5 {[%emt 0:00:51]} 20. Bxg5 {[%emt 0:02:43]} Qxg5 {[%emt 0:00:10]}
21. Qc1 {[%emt 0:00:22]} Qd8 {[%emt 0:03:26]} 22. Qh6 {[%emt 0:02:23]} Qa5 {
[%emt 0:02:37]} 23. Nf3 {[%emt 0:07:45]} f6 {[%emt 0:00:28]} 24. h4 {[%emt 0:
02:38]} Rb8 {[%emt 0:08:49]} 25. h5 {[%emt 0:05:08]} g5 {[%emt 0:00:36]} 26.
Nf5 {[%emt 0:04:06]} Bxf5 {[%emt 0:05:35]} 27. exf5 {[%emt 0:00:49]} Ne8 {
[%emt 0:01:11]} 28. Re3 {[%emt 0:03:03]} Qc7 {[%emt 0:03:23]} 29. Nxg5 {
[%emt 0:05:05]} fxg5 {[%emt 0:00:23]} 30. Rg3 {[%emt 0:00:31]} Nf6 {[%emt 0:01:
16]} 31. Rxg5+ {[%emt 0:01:05]} Kh8 32. Rg6 {[%emt 0:01:37]} Qe7 {[%emt 0:00:
39]} 33. g4 {[%emt 0:01:25]} Ng8 {[%emt 0:01:03]} 34. Qe3 {[%emt 0:01:10]} hxg6
{[%emt 0:01:03]} 35. hxg6 Kg7 {[%emt 0:00:15]} 36. Kg2 {[%emt 0:00:49]} Nf6 {
[%emt 0:00:25]} 37. g5 {[%emt 0:01:04]} Rh8 {[%emt 0:00:16]} 38. f4 {[%emt 0:
00:36]} Rbe8 {[%emt 0:00:30]} 39. Re1 {[%emt 0:00:33]} Rh4 {[%emt 0:00:55]} 40.
Qg3 {[%emt 0:00:08]} Rh5 {[%emt 0:00:38]} 41. Bd1 {[%emt 0:01:00]} Rhh8 {
[%emt 0:02:19]} 42. Bf3 {[%emt 0:01:03]} Qd8 {[%emt 0:11:53]} 43. fxe5 {
[%emt 0:01:47]} dxe5 {[%emt 0:03:34]} 44. Rxe5 {[%emt 0:00:22]} Rxe5 {[%emt 0:
05:25]} 45. Qxe5 {[%emt 0:00:07]} Nd6 {[%emt 0:00:54]} 46. cxb5 {[%emt 0:01:04]
} axb5 {[%emt 0:00:11]} 47. a4 {[%emt 0:01:20]} bxa4 {[%emt 0:00:51]} 48. bxa4
{[%emt 0:00:13]} c4 {[%emt 0:04:01]} 49. a5 {[%emt 0:00:56]} c3 {[%emt 0:00:19]
} 50. Qxc3 {[%emt 0:01:52]} Nxf5 {[%emt 0:00:41]} 51. Be4 {[%emt 0:01:58]} Nh4+
{[%emt 0:02:05]} 52. Kg1 {[%emt 0:00:37]} Re8 {[%emt 0:01:09]} 53. Qd4 Qd6 0-1